Culture Générale - Série 2621 - Statistiques

Statistiques générales
  • Ce quiz a été pris 95 fois
  • Le résultat moyen est 4 sur 10
Statistiques - réponses
Question Réponse % Correct
De quelle ville le pont du Golden Gate est-il le plus important symbole ? San Francisco
83%
Qu'est-ce qu'une pleurote ? champignon
72%
Sous quel nom connait-on mieux le personnage de fiction, agent secret, Hubert Bonisseur de La Bath ? OSS117
61%
A quel violoniste et compositeur italien (1678-1741) doit-on "Les quatre saisons" ? Antonio Vivaldi
59%
Dans la mythologie grecque, princesse d'une grande beauté aimée d'Eros mais punie par la jalousie d'Aphrodite - Grande glace mobile montée sur un châssis à pivots Psyché
31%
Comment s'appelait le chanteur mythique du groupe Aphrodite's Child formé en 1966 (1946-2015) ? prénom et nom Demis Roussos
29%
Quel ancien Ministre de la Culture de France (1918-2009) a écrit la suite romanesque historique "Les rois maudits" ? prénom et nom Maurice Druon
29%
Sous quels prénom et nom connaissait-on mieux Lev Davidovitch Bronstein (1879-1940) ? Léon Trotski
16%
Qui a chanté "Selon que vous serez puissant ou misérable, etc..." en 1994 ? prénom et nom Michel Sardou
12%
Muse de l'Astronomie dans la mythologie grecque - Papillon de grande taille aux vives couleurs Uranie
10%
Aucun quiz correspondant
Distribution des résultats
% des personnes avec chaque résultat
Percentile par nombre de réponses
Votre historique - résultats
Vous n’avez pas pris ce quiz